Big business and cartel formations: Analysis of the Natural Rubber Market in Kerala (Record no. 75297)

MARC details
000 -LEADER
fixed length control field 00413nam a22001217a 4500
082 ## - DEWEY DECIMAL CLASSIFICATION NUMBER
Classification number NR:339 MOH
100 ## - MAIN ENTRY--AUTHOR NAME
Personal name MOHANAKUMAR, S
-- VILLATT, Nidheesh J
245 ## - TITLE STATEMENT
Title Big business and cartel formations: Analysis of the Natural Rubber Market in Kerala
260 ## - PUBLICATION, DISTRIBUTION, ETC. (IMPRINT)
Place of publication Thiruvananthapuram
Name of publisher Public Policy Research Institute
Year of publication 2024
300 ## - PHYSICAL DESCRIPTION
Number of Pages 60p.
650 ## - SUBJECT ADDED ENTRY--TOPICAL TERM
Topical Term Natural rubber market
-- Cartel formation
-- Kerala
942 ## - ADDED ENTRY ELEMENTS (KOHA)
Koha item type Books
Holdings
Withdrawn status Lost status Damaged status Not for loan Home library Current library Date acquired Full call number Accession Number Koha item type
        RRII Library RRII Library 29/05/2024 NR:339 MOH G01734 Books